MARC details
| 000 -CABECERA |
| campo de control de longitud fija |
00812nam a22002655a 4500 |
| 001 - NUMERO DE CONTROL |
| campo de control |
003106 |
| 003 - IDENTIFICADOR DE NUMERO DE CONTROL |
| campo de control |
armpunfd |
| 005 - FECHA ULTIMA MODIFICACION |
| campo de control |
20150624192621.0 |
| 008 - ELEMENTOS DE LONGITUD FIJA -- INFORMACION GENERAL |
| campo de control de longitud fija |
141027s1983####ag############000#0#und#d |
| 020 ## - NUMERO INTERNACIONAL NORMALIZADO PARA LIBROS (ISBN) |
| International Standard Book Number |
9501411931 |
| 080 ## - NUMERO DE CLASIFICACION DECIMAL UNIVERSAL (CDU) |
| Número de la Clasificación Decimal Universal |
343.13 R 824 |
| 100 1# - ASIENTO PRINCIPAL--NOMBRE PERSONAL |
| Nombre personal |
Rubianes, Carlos J. |
| 245 10 - MENCION DE TITULO |
| Título propiamente dicho |
Manual de Derecho Procesal Penal : |
| Parte restante del título |
Teoria General de los Procesos Penal y Civil. El derecho Procesal y sus fuentes. Jurisdicción. Acción y Defensa. Proceso / |
| 250 ## - MENCION DE EDICION |
| Mención de edición |
5ª Reimp. |
| 260 ## - PUBLICACION, DISTRIBUCION, ETC. (PIE DE IMPRENTA) |
| Lugar de publicación, distribución, etc. |
Buenos Aires : |
| Nombre del editor, distribuidor, etc. |
Depalma, |
| Fecha de publicación, distribución, etc. |
1983. |
| 300 ## - DESCRIPCION FISICA |
| Extensión |
486 P. |
| 650 #7 - ASIENTO SECUNDARIO DE MATERIA - TERMINO TEMATICO |
| Término temático o nombre geográfico como elemento de entrada |
Actos Procesales |
| Fuente del encabezamiento o término |
LEMB |
| 650 #7 - ASIENTO SECUNDARIO DE MATERIA - TERMINO TEMATICO |
| Término temático o nombre geográfico como elemento de entrada |
Derecho Procesal Penal |
| Fuente del encabezamiento o término |
LEMB |
| 650 #7 - ASIENTO SECUNDARIO DE MATERIA - TERMINO TEMATICO |
| Término temático o nombre geográfico como elemento de entrada |
Excarcelacion |
| Fuente del encabezamiento o término |
LEMB |
| 650 #7 - ASIENTO SECUNDARIO DE MATERIA - TERMINO TEMATICO |
| Término temático o nombre geográfico como elemento de entrada |
Habeas Corpus |
| Fuente del encabezamiento o término |
LEMB |
| 650 #7 - ASIENTO SECUNDARIO DE MATERIA - TERMINO TEMATICO |
| Término temático o nombre geográfico como elemento de entrada |
Proceso Penal |
| Fuente del encabezamiento o término |
LEMB |
| 651 ## - ASIENTO SECUNDARIO DE MATERIA - NOMBRE GEOGRAFICO |
| Fuente del encabezamiento o término |
LEMB |
| 945 ## - INFORMACION DE PROCESAMIENTO LOCAL |
| Responsable de carga/modificación |
Celeste Delía |
| Fecha de ingreso o modificación |
2014-10-27 |